Impact of demographic factors on consumer buying behavior towards green products (Record no. 510070)

000 -LEADER
fixed length control field 00469nam a2200145 4500
008 - FIXED-LENGTH DATA ELEMENTS--GENERAL INFORMATION
fixed length control field 190723b ||||| |||| 00| 0 eng d
100 ## - MAIN ENTRY--PERSONAL NAME
Personal name Acharya, Sopnmayee
245 ## - TITLE STATEMENT
Title Impact of demographic factors on consumer buying behavior towards green products
260 ## - PUBLICATION, DISTRIBUTION, ETC. (IMPRINT)
Date of publication, distribution, etc 2019
300 ## - PHYSICAL DESCRIPTION
Extent p.171-177.
700 ## - ADDED ENTRY--PERSONAL NAME
Personal name Nandedker, Tarika
9 (RLIN) 7242
773 ## - HOST ITEM ENTRY
Main entry heading Prestige International Journal of Management and Research
906 ## - LOCAL DATA ELEMENT F, LDF (RLIN)
Subject DIP Consumer behaviour
942 ## - ADDED ENTRY ELEMENTS (KOHA)
Source of classification or shelving scheme
Item type Articles
Holdings
Withdrawn status Lost status Source of classification or shelving scheme Damaged status Not for loan Permanent location Current location Date acquired Serial Enumeration / chronology Barcode Date last seen Koha item type
          Indian Institute of Public Administration Indian Institute of Public Administration 2019-07-23 11(2), Feb, 2019: p.171-177. AR120429 2019-07-23 Articles

Powered by Koha